La prueba pericial : (Registro nro. 30818)

Detalles MARC
000 -LEADER
fixed length control field 03192nam a2200289Ia 4500
003 - CONTROL NUMBER IDENTIFIER
control field CO-CtgCURN
005 - DATE AND TIME OF LATEST TRANSACTION
control field 20250411165940.0
008 - FIXED-LENGTH DATA ELEMENTS--GENERAL INFORMATION
fixed length control field 230214s9999 xx 000 0 und d
020 ## - INTERNATIONAL STANDARD BOOK NUMBER
International Standard Book Number 9789586766142
040 ## - CATALOGING SOURCE
Original cataloging agency CO-CtgCURN
Language of cataloging spa
Transcribing agency coctgcurn
082 ## - DEWEY DECIMAL CLASSIFICATION NUMBER
Classification number 345.06
Item number A681p
100 ## - MAIN ENTRY--PERSONAL NAME
Personal name Arenas Salazar, Jorge
Relator term autor
9 (RLIN) 6563
245 #0 - TITLE STATEMENT
Title La prueba pericial :
Remainder of title en materia penal /
Statement of responsibility, etc. Jorge Arenas Salazar
260 ## - PUBLICATION, DISTRIBUTION, ETC.
Place of publication, distribution, etc. Bogóta, Colombia :
Name of publisher, distributor, etc. Ediciones Doctrina y ley ltda,
Date of publication, distribution, etc. 2014
300 ## - PHYSICAL DESCRIPTION
Extent 327 páginas ;
Dimensions 23 centímetros
500 ## - GENERAL NOTE
General note Incluye índice
504 ## - BIBLIOGRAPHY, ETC. NOTE
Bibliography, etc. note Incluye referencias bibliográficas (p. 2323-327)
505 ## - FORMATTED CONTENTS NOTE
Formatted contents note Título primero: Aspectos generales de la prueba pericial -- Título segundo: Estudio sistemático del articulado de la ley 906 de 2004 sobre la prueba pericial -- Título tercero: Marco procesal de la prueba pericial --Título cuarto: Valoración del peritaje por el juez -- Título quinto : Impugnación de la admisión y valoración de la prueba pericial en segunda instancia y en casación -- Título sexto: Guía práctica para el manejo adecuado de la prueba pericial
520 ## - SUMMARY, ETC.
Summary, etc. Con mucha frecuencia se habla de peritajes científicos y peritajes de valor, o lo que es lo mismo, peritajes que producen conclusiones científicas y peritajes que producen juicios de valor. Esta resulta ser una clasificación muy problemática cuando se reconoce que en últimas todas las conclusiones de los peritajes son estimativas o son juicios de valor, y que un peritaje nunca será más que un concepto, una opinión. También puede resultar problemática cuando se admite que la ciencia evoluciona, rectifica, cambia sus paradigmas, incluso en ocasiones de manera radical. Así mismo se acepta que las conclusiones científicas de alguna manera, y dentro de ciertos límites, son opinables. De otra parte, se puede originar confusión cuando se sostiene que un peritaje puede tener como contenido afirmaciones puramente subjetivas, no verificables externamente, ni refutables, pero sería un absurdo de consecuencias nefastas en las prácticas cognoscitivas, y más intolerable aun cuando ellas apuntan a fines prácticos judiciales, caer en los relativismos epistemológicos, y lo que sería peor, en agnosticismos de los matices que se quiera. Una mirada dialéctica permite aseverar que sí es posible conocer y que hay conocimientos que por su fuerza tienen que producir certeza absoluta en un sujeto cognoscente de inteligencia común, sintonizado con el conocimiento socialmente validado mediante reglas de racionalidad en los procesos de interacción. El derecho, y ante todo el derecho penal y procesal penal, necesitan que se reconozca que sí es posible contar con conocimientos científicos que permitan tomar decisiones con fundamentos externos, objetivos, constatables externamente, verificables, refutables.
521 ## - TARGET AUDIENCE NOTE
Target audience note AREA PROFESIONAL
590 ## - LOCAL NOTE (RLIN)
Local note Programa de Derecho_18
650 ## - SUBJECT ADDED ENTRY--TOPICAL TERM
Topical term or geographic name entry element Derecho Probatorio
9 (RLIN) 6564
650 ## - SUBJECT ADDED ENTRY--TOPICAL TERM
Topical term or geographic name entry element Pruebas
9 (RLIN) 6565
942 ## - ADDED ENTRY ELEMENTS (KOHA)
Koha item type Libros
Classification part 345.06
Item part A681p
Source of classification or shelving scheme Dewey Decimal Classification
Suppress in OPAC No
Existencias
Withdrawn status Lost status Source of classification or shelving scheme Damaged status Not for loan Collection Home library Current library Shelving location Date acquired Source of acquisition Inventory number Total checkouts Full call number Barcode Date last seen Copy number Price effective from Koha item type Public note
    Dewey Decimal Classification     General Miguel Henríquez Castañeda Barranquilla Miguel Henríquez Castañeda Barranquilla General 02/14/2022 Compra OC-11-021-22 05226   345.06 A681p 05226 02/14/2023 ej.1 02/14/2023 Libros Compra OC-11-021-22 IIP 2022
    Dewey Decimal Classification     General Miguel Henríquez Castañeda Barranquilla Miguel Henríquez Castañeda Barranquilla General 02/14/2022 Compra OC-11-021-22 05227   345.06 A681p 05227 02/14/2023 ej.2 02/14/2023 Libros Compra OC-11-021-22 IIP 2022